Un cáncer de la civilización (Record no. 116874)

MARC details
000 -LEADER
campo de control de longitud fija 00836nam a2200205 i 4500
001 - NÚMERO DE CONTROL
campo de control 116874
003 - IDENTIFICADOR DE NÚMERO DE CONTROL
campo de control ES-MaACL
005 - FECHA Y HORA DE LA ÚLTIMA TRANSACCIÓN
campo de control 20231204173414.0
008 - DATOS DE LONGITUD FIJA--INFORMACIÓN GENERAL
campo de control de longitud fija 061121q1910 sp |||| | spa d
100 1# - ENTRADA PRINCIPAL--NOMBRE DE PERSONA
Nombre de persona Pavissich, Antonio.
9 (RLIN) 89684
245 13 - MENCIÓN DEL TÍTULO
Título Un cáncer de la civilización
Resto del título : estudio sobre la prostitución moderna /
Mención de responsabilidad, etc. por el P. Antonio Pavissich ; prólogo de Julián Juderías ; versión castellana de Cristóbal de Reyna ; apéndice de Margarita de Schlumberger.
260 ## - PUBLICACIÓN, DISTRIBUCIÓN, ETC.
Lugar de publicación, distribución, etc. Madrid :
Nombre del editor, distribuidor, etc. Saturnino Calleja Fernández,
Fecha de publicación, distribución, etc. [1910?]
300 ## - DESCRIPCIÓN FÍSICA
Extensión 216 p. ;
Dimensiones 19 x 12 cm.
650 04 - PUNTO DE ACCESO ADICIONAL DE MATERIA--TÉRMINO DE MATERIA
Término de materia o nombre geográfico como elemento de entrada Prostitución.
9 (RLIN) 16507
700 1# - ENTRADA AGREGADA--NOMBRE PERSONAL
Nombre de persona Juderías, Julián,
Fechas asociadas al nombre 1877-1918
9 (RLIN) 67185
700 1# - ENTRADA AGREGADA--NOMBRE PERSONAL
Nombre de persona Reyna Masa, Cristóbal de.
9 (RLIN) 96612
710 1# - ENTRADA AGREGADA--NOMBRE DE ENTIDAD CORPORATIVA
Nombre de entidad corporativa o nombre de jurisdicción como elemento de entrada Schlumberger, Marguerite de.
9 (RLIN) 6510
852 ## - LOCALIZACIÓN
Ubicación ES-MaACL
Número de control de estantería F-1705
Holdings
Estatus retirado Estado de pérdida Estado de daño No para préstamo Biblioteca de origen Biblioteca actual Ubicación en estantería Fecha de adquisición Fuente de adquisición Total de préstamos Signatura topográfica completa Código de barras Visto por última vez Precio de reemplazo Tipo de ítem Koha
        Biblioteca del Ateneo de Madrid Biblioteca del Ateneo de Madrid Depósito 2 17/01/2008     F-1705 1121861 23/02/2023 23/02/2023 Libro impreso